| 000 | 01033nam a22003137a 4500 | ||
|---|---|---|---|
| 003 | CHAP | ||
| 005 | 20220329140727.0 | ||
| 008 | 971013s1994 r 00010 d | ||
| 010 | _a56630 | ||
| 011 | _a57602 | ||
| 035 | _a61757 | ||
| 040 | _cCHAP | ||
| 090 | _aFolleto 14551 v.6 | ||
| 110 |
_aProcuraduría Agraria. México _991847 |
||
| 245 | _aLineamientos que deben observarse para la práctica de auditorías en ejidos y comunidades | ||
| 260 |
_aMéxico, D. F. : _bLa Procuraduría, _c1994 |
||
| 300 | _a11 p. | ||
| 590 |
_aBATCH-UPD _b10 _c20130110 _lUCH01 _h1748 |
||
| 590 |
_aBATCH-UPD _b10 _c20130410 _lUCH01 _h1127 |
||
| 590 |
_aBATCH-UPD _b10 _c20130914 _lUCH01 _h0426 |
||
| 590 |
_aCONVERSION _b10 _c20130109 _lUCH01 _h1330 |
||
| 650 | 1 | 4 |
_aAuditoría. _98308 |
| 650 | 1 | 4 |
_aDerecho agrario _xMéxico. _931876 |
| 650 | 1 | 4 |
_aEjidos _zMéxico. _936039 |
| 901 | _aBK | ||
| 942 | _cFOLL | ||
| 949 |
_aFolleto 14551 v.6 _bBC _cFOLL _d-132583 _eTS1 _i61757 _si |
||
| 949 |
_aFolleto 14551 v.6 _bBC _cFOLL _d-132585 _eTS2 _fc.2 _i61757 _si |
||
| 999 |
_c56630 _d56630 |
||